Monitorovacie systémy zabezpečujúce radiačnú ochranu pri uvoľňovaní materiálov do životného prostredia

Na minha lista:
Detalhes bibliográficos
Autor principal: Kleštinec, Peter, 1984- (Author)
Outros Autores: Rusko, Miroslav, 1953- (Thesis advisor)
Formato: Manuscrito Livro
Idioma:eslovaco
Publicado em: 2015
Assuntos:
Acesso em linha:http://is.stuba.sk/zp/portal_zp.pl?podrobnosti=110824
Tags: Adicionar Tag
Sem tags, seja o primeiro a adicionar uma tag!

MARC

LEADER 00000ntm a22000003a 4500
001 stuzp52705
003 SK-STU
005 20160719154244.5
007 ta
008 150427s2015----xo-----f-mn---000-0-slo-d
040 |a STU  |b slo 
041 0 |a slo 
100 1 |a Kleštinec, Peter,  |d 1984-  |u 065000  |4 aut  |U MTF Materiálovotechnologická fakulta  |T MTF Ústav bezpečnosti, environmentu a kvality  |X 6886  |U M5000  |Y 85  |7 A000006886 
242 0 1 |a Monitoring systems securing radiation protection in releasing materials into environment.  |y eng 
245 1 0 |a Monitorovacie systémy zabezpečujúce radiačnú ochranu pri uvoľňovaní materiálov do životného prostredia 
260 |c 2015 
650 4 |a monitorovacie systémy  |2 slo 
650 4 |a jadrový zdroj  |2 slo 
650 4 |a vyraďovanie  |2 slo 
650 4 |a radiačná ochrana  |2 slo 
650 4 |a monitoring systems  |2 eng 
650 4 |a radiation protection  |2 eng 
650 4 |a nuclear source  |2 eng 
650 4 |a decommissioning  |2 eng 
700 1 |a Rusko, Miroslav,  |d 1953-  |4 ths  |X 2796  |7 A000002796 
856 4 |u http://is.stuba.sk/zp/portal_zp.pl?podrobnosti=110824 
996 |c M* DP-12487  |l MMSKP  |s P  |a 0  |w stuzp52705_0001 
SQL |a stuzp52705  |b DDP  |c SLO  |d Monitorovacie systémy zabezpečujúce radiačnú ochranu pri uvoľňovaní materiálov do životného prostredia  |e 6886  |f Kleštinec, Peter  |g 065000  |h 2796  |i Rusko, Miroslav  |j 20150604  |k 670  |l 06  |m http://is.stuba.sk/zp/portal_zp.pl?podrobnosti=110824  |n I-IBE  |o 8.3.5. bezpečnosť a ochrana zdravia pri práci